| 000 | 00418nam a22001577a 4500 | ||
|---|---|---|---|
| 003 | PILC | ||
| 005 | 20151012104601.0 | ||
| 008 | 151012b xxu||||| |||| 00| 0 eng d | ||
| 020 | _a9780380799374 | ||
| 050 |
_aPZ 7 _b.An545 1999 |
||
| 100 | _aAnderson, Catherine. | ||
| 245 |
_aBaby love / _cCatherine Anderson. |
||
| 260 |
_aNew York : _bAvon Books, _c1999. |
||
| 300 |
_a420 pages ; _c19 cm. |
||
| 942 |
_2lcc _cBK _kFOR |
||
| 999 |
_c288845 _d288845 |
||